| 000 | 00392cam a2200157ua 4500 | ||
|---|---|---|---|
| 041 |
_aeng _h |
||
| 082 |
_a823.308 _bCON/VI |
||
| 100 | _aConard, Joseph . | ||
| 245 |
_aVictory: An Island tale / _cJoseph conard. _hTextual Documents |
||
| 250 |
_a1 / _b. |
||
| 260 |
_aLondon : _bOxford University Press , _c1957. |
||
| 300 | _a415 ; . | ||
| 504 | _a | ||
| 942 | _cBK | ||
| 999 |
_c11507 _d11507 |
||